Ο τουρισμός στα Ιόνια νησιά : η περίπτωση της Κεφαλονιάς : πτυχιακή εργασία

Αποθηκεύτηκε σε:
Λεπτομέρειες βιβλιογραφικής εγγραφής
Κύριος συγγραφέας: Αντύπα, Νατάσα
Συγγραφή απο Οργανισμό/Αρχή: Πανεπιστήμιο Αιγαίου. Σχολή Περιβάλλοντος. Τμήμα Περιβάλλοντος
Άλλοι συγγραφείς: Παρπαΐρης, Aπόστολος (Εισηγητής διατριβής)
Μορφή: Thesis Βιβλίο
Γλώσσα:Greek
Δημοσίευση: Μυτιλήνη : Πανεπιστήμιο Αιγαίου, Τμήμα Περιβάλλοντος, Εργαστήριο Περιβαλλοντικού Σχεδιασμού, 1998
Θέματα:
Διαθέσιμο Online:http://hdl.handle.net/11610/10044
Ετικέτες: Προσθήκη ετικέτας
Δεν υπάρχουν, Καταχωρήστε ετικέτα πρώτοι!

MARC

LEADER 00000cam a2200000 i 4500
001 1/6540
008 000615s1998 gre d
035 |l 10061967 
040 |a GR-MY-UA  |b gre  |e aacr 
041 0 |a gre 
082 0 |a 338.4791  |2 (22) 
100 1 |a Αντύπα, Νατάσα. 
245 1 2 |a Ο τουρισμός στα Ιόνια νησιά :  |b η περίπτωση της Κεφαλονιάς : πτυχιακή εργασία /  |c Νατάσα Αντύπα ; υπεύθυνος καθηγητής: Απόστολος Παρπαϊρης 
260 |a Μυτιλήνη :   |b Πανεπιστήμιο Αιγαίου, Τμήμα Περιβάλλοντος, Εργαστήριο Περιβαλλοντικού Σχεδιασμού,   |c 1998 
300 |a 103 σ.;  |b πιν., σχ., χάρτες;  |c 30 εκ. 
502 |a Πτυχιακή εργασία – Πανεπιστήμιο Αιγαίου, Λέσβος, 1998. 
504 |a Περιέχει παραρτήματα και βιβλιογραφία 
650 0 0 |a Tourism  |z Greece  |z Cephalonia (Municipality) 
650 0 0 |a Tourism  |z Greece  |z Ionian Islands. 
650 0 0 |a Dissertations, Academic  |z Greece. 
700 1 |a Παρπαΐρης, Aπόστολος.  |4 ths 
710 2 |a Πανεπιστήμιο Αιγαίου.   |b Σχολή Περιβάλλοντος.   |b Τμήμα Περιβάλλοντος. 
852 |a INST  |b LESVOS  |c DIATR  |e 20000918  |h 415  |p 005100027453  |q 005100027453  |t DIE  |y 23 
852 |a INST  |b LESVOS  |c DIATR  |e 20000615  |h 416  |p 005100025892  |q 005100025892  |t DIE  |y 23 
856 |u http://hdl.handle.net/11610/10044 
901 |a BIBL1-2000-2 
909 |a Λ  |b 080430 
909 |a Λ  |b 081008 
924 |a ΑΝΤΥΠΑ  |b ΝΑΤΑΣΑ  |y ΛΕΣΒΟΣ  |z 1998 
970 |a ΑΙΒΑΤΖΙΔΟΥ  |b ΕΛΕΝΗ  |z 2000/06/15